000 00841nam a2200205 i 4500
001 19767
003 ES-MaACL
005 20230906152148.0
007 t|
008 021011s1874 fr ||||1| lat d
100 1 _aAbu'l Farax.
_918188
245 1 0 _aChronicon ecclesiasticum quod e codice Musei Britannici /
_cAbu'l Farax, Gregorii Barhebraei ; descriptum conjucta opera ediderunt, latinitate donaruntannotationibusque theologicis, historicis geographicis et archaelogicis illustrarunt Joannes Baptista Abbeloos... et Thomas Josephus Lamy...
260 _aParĂ­s :
_bApud Maisonneuve et Cie.,
_c1874.
300 _a1 v. ;
_c28 cm.
700 1 _aBarhebraei, Gregorii.
_925646
700 1 _aAbbeloos, Jean Baptiste,
_d1836-1906
_918002
700 1 _aLamy, Thomas Josephus.
_969881
852 _aES-MaACL
_jF-11520
999 _c19767
_d19767